The angry voter (Record no. 236888)

MARC details
000 -LEADER
fixed length control field 00382nam a2200157Ia 4500
005 - DATE AND TIME OF LATEST TRANSACTION
control field 20250729165513.0
008 - FIXED-LENGTH DATA ELEMENTS--GENERAL INFORMATION
fixed length control field 250729s1995 xx 000 0 und d
041 ## - LANGUAGE CODE
Language code of text/sound track or separate title eng
082 ## - DEWEY DECIMAL CLASSIFICATION NUMBER
Classification number 320 PRAA
100 ## - MAIN ENTRY--PERSONAL NAME
Personal name Prasad G K
9 (RLIN) 225391
245 ## - TITLE STATEMENT
Title The angry voter
260 ## - PUBLICATION, DISTRIBUTION, ETC.
Place of publication, distribution, etc. Madras
Date of publication, distribution, etc. 1995
300 ## - PHYSICAL DESCRIPTION
Extent 250p
650 ## - SUBJECT ADDED ENTRY--TOPICAL TERM
Topical term or geographic name entry element Political Science
9 (RLIN) 225392
700 ## - ADDED ENTRY--PERSONAL NAME
Personal name Kumar Jeevan D
9 (RLIN) 225393
Holdings
Withdrawn status Lost status Damaged status Not for loan Home library Current library Date acquired Source of acquisition Total Checkouts Full call number Barcode Date last seen Price effective from Koha item type
        St Aloysius Library St Aloysius Library 07/29/2025 Management Books   320 PRAA BED02207 07/29/2025 07/29/2025 Book